Sports Quiz

Random Sports or University Quiz

Oklahoma first-round picks Quiz Stats

 Plays Quiz not verified by Sporcle

Challenge
Share
Tweet
Embed
Score 0/42 Timer 10:00
0 Plays Today
Year Answer % Correct
2010Sam Bradford
89.7%
2007Adrian Peterson
84.6%
2002Roy Williams
74.4%
2010Trent Williams
74.4%
1980Billy Sims
69.2%
2010Gerald McCoy
61.5%
2013Lane Johnson
61.5%
2004Tommie Harris
48.7%
1976Lee Roy Selmon
43.6%
1988Keith Jackson
41%
2010Jermaine Gresham
41%
1970Steve Owens
38.5%
1996Cedric Jones
38.5%
2005Mark Clayton
38.5%
2005Jammal Brown
35.9%
1986Tony Casillas
23.1%
1950George Thomas
20.5%
1976Joe Washington
17.9%
1984Rick Bryan
15.4%
1953Billy Vessels
12.8%
1980George Cumby
12.8%
Year Answer % Correct
1955Kurt Burris
10.3%
1957Jerry Tubbs
10.3%
1981David Overstreet
10.3%
1988Rickey Dixon
10.3%
2003Andre Woolfolk
10.3%
1970Steve Zabel
7.7%
1976Billy Brooks
7.7%
2000Stockar McDougle
7.7%
1978Elvis Peacock
5.1%
1985Steve Sewell
5.1%
2006Davin Joseph
5.1%
1950Stan West
2.6%
1951Leon Heath
2.6%
1955Max Boydston
2.6%
1959Dave Baker
2.6%
1964Joe Don Looney
2.6%
1966Carl McAdams
2.6%
1981Keith Gary
2.6%
1984Jackie Shipp
2.6%
1969Eddie Hinton
0%
1970Jim Files
0%

You're not logged in!

Compare scores with friends on all Sporcle quizzes.
OR
Log In

You Might Also Like...

Show Comments

Extras

Top Quizzes Today


Score Distribution

Your Account Isn't Verified!

In order to create a playlist on Sporcle, you need to verify the email address you used during registration. Go to your Sporcle Settings to finish the process.

Report this User

Report this user for behavior that violates our Community Guidelines.

Details: